| Tag |
First Indicator |
Second Indicator |
Subfields |
| LEADER |
00000cam a2200000 a 4500 |
| 001 |
in00000332913 |
| 005 |
20151011060831.0 |
| 008 |
750806r1972 miu 00010 eng d |
| 035 |
|
|
|a (OCoLC)01516572
|
| 035 |
|
|
|9 ABM6687AM
|
| 040 |
|
|
|a AKR
|c AKR
|d TXA
|d UtOrBLW
|
| 049 |
|
|
|a TXAM
|c [1808508]
|
| 090 |
|
|
|a E185.61
|b U4 1972a
|
| 100 |
1 |
|
|a Underwood, Willard Alva,
|d 1943-
|
| 245 |
1 |
4 |
|a The rhetoric of black orators :
|b perspectives for contemporary analysis /
|c Willard Alva Underwood.
|
| 264 |
|
1 |
|a [Place of publication not identified] :
|b [publisher not identified] ;
|c 1972
|
| 264 |
|
4 |
|c ©1973
|
| 300 |
|
|
|a v, 320 leaves.
|
| 336 |
|
|
|a text
|b txt
|2 rdacontent
|
| 337 |
|
|
|a unmediated
|b n
|2 rdamedia
|
| 338 |
|
|
|a volume
|b nc
|2 rdacarrier
|
| 502 |
|
|
|b Ph. D.
|c Bowling Green State University
|d 1972.
|
| 504 |
|
|
|a Bibliography: leaves [307]-320.
|
| 533 |
|
|
|a Photocopy.
|b Ann Arbor, Mich. :
|b University Microfilms International,
|d 1983.
|e 21 cm.
|
| 650 |
|
0 |
|a African Americans
|x Civil rights.
|
| 999 |
|
|
|a MARS
|
| 999 |
f |
f |
|s daf4991e-5433-3bef-8b27-ef2db54fc3ab
|i 8fcf7d0a-649e-3e46-b02c-0d12e9111495
|t 0
|
| 952 |
f |
f |
|p ric
|a Texas A&M University
|b Rellis Campus
|c Joint Library Facility
|d Remote Storage
|t 0
|e E185.61 U4 1972a
|h Library of Congress classification
|i unmediated -- volume
|m A14807707781
|
| 998 |
f |
f |
|a E185.61 U4 1972a
|t 0
|l Remote Storage
|